[Event "Tosno Gubernator Cup Lenregion op"]
[Site "Tosno"]
[Date "2009.09.26"]
[Round "6"]
[White "Bezobrazov, Lev"]
[Black "Grigoryev, Mikhail"]
[Result "1-0"]
[WhiteElo "1629"]
[BlackElo "1865"]
[PlyCount "41"]
[EventDate "2009.09.24"]
[EventType "swiss"]
[EventRounds "9"]
[EventCountry "RUS"]
[SourceTitle "EXT 2022"]
[Source "ChessBase"]
[SourceDate "2021.10.06"]
[SourceVersion "1"]
[SourceVersionDate "2021.10.06"]
[SourceQuality "1"]

1. e4 e6 2. d4 d5 3. Nc3 Bb4 4. Bd2 Bxc3 5. bxc3 dxe4 6. Qg4 Nf6 7. Qxg7 Rg8 8. Qh6 Rg6 9. Qe3 Nbd7 10. g3 b6 11. Bg2 Rb8 12. f3 exf3 13. Nxf3 Nd5 14. Qe2 Bb7 15. Nh4 Rg8 16. 0-0 Qe7 17. Rae1 Nf8 18. c4 Nf6 19. Bxb7 Rxb7 20. Qf3 N6d7 21. Nf5 1-0

[Event "St Petersburg Chigorin CC-ch"]
[Site "St Petersburg"]
[Date "2009.05.24"]
[Round "5"]
[White "Emdin, Mark"]
[Black "Grigoryev, Mikhail"]
[Result "1-0"]
[WhiteElo "1939"]
[BlackElo "1937"]
[PlyCount "79"]
[EventDate "2009.05.19"]
[EventType "swiss"]
[EventRounds "9"]
[EventCountry "RUS"]
[SourceTitle "CBM 130 Extra"]
[Source "ChessBase"]
[SourceDate "2009.07.02"]
[SourceVersion "2"]
[SourceVersionDate "2009.07.15"]
[SourceQuality "1"]

1. e4 e6 2. d4 d5 3. e5 c5 4. c3 Qb6 5. Nf3 Bd7 6. Be2 Bb5 7. 0-0 Bxe2 8. Qxe2 Nc6 9. Be3 Nh6 10. Nbd2 Nf5 11. Nb3 cxd4 12. cxd4 a5 13. Rfc1 a4 14. Nbd2 Be7 15. Nf1 0-0 16. Ng3 Nxe3 17. fxe3 Rfc8 18. Rab1 Rc7 19. Ne1 Rac8 20. Rc2 Bg5 21. Nh5 Bh6 22. Kh1 Ne7 23. Rxc7 Rxc7 24. g4 Nc6 25. h4 g6 26. Nf6+ Kh8 27. g5 Bf8 28. h5 Na5 29. Qf2 Qb5 30. Kg1 Qb4 31. Nd3 Qe7 32. Kg2 Qd8 33. Rh1 Be7 34. hxg6 Bxf6 35. Rxh7+ Kg8 36. exf6 fxg6 37. Rh6 Rh7 38. Rxg6+ Kf8 39. Ne5 Qc7 40. f7 1-0